|
|
|
|
| LEADER |
00000nab a2200000 ar4500 |
| 001 |
vtls009003108 |
| 003 |
SK-MaSNL |
| 005 |
20260319071252.0 |
| 008 |
070411c20070411xo |||||||| 000 b|hun |
| 015 |
|
|
|a SNBRB2007/04
|2 snkbucl
|
| 038 |
|
|
|a SNKBUCL
|
| 040 |
|
|
|a DSZK
|b slo
|c DSZK
|e AACR2
|
| 041 |
0 |
|
|a hun
|
| 044 |
|
|
|a xo
|c SK
|
| 080 |
|
|
|a 37-051
|2 1997
|
| 080 |
|
|
|a 78.071.2
|2 1997
|
| 080 |
|
|
|a 78.071.4
|2 1997
|
| 100 |
1 |
|
|a Horváth, Géza,
|d 1951-
|4 aut
|9 88332
|
| 245 |
1 |
0 |
|a Búcsú a karnagytól
|b ma temetik Janda Ivánt
|c Horváth Géza, a Vass Lajos kórus krónikása
|
| 600 |
1 |
7 |
|a Janda, Iván,
|d 1923-2007
|2 snkbucl
|9 186329
|
| 773 |
0 |
|
|t Új szó
|g Évf. 60, sz. 83 (11.4.2007), o. 10
|
| 852 |
|
|
|a SNK
|b KIS3GCP
|
| 852 |
|
|
|a DSZK
|b KIS3GCP
|
| 958 |
|
|
|a HU
|
| 958 |
|
|
|a SK
|
| 999 |
|
|
|c 1751609
|d 1753539
|